Medical Prefixes & Suffixes Quiz Stats

 Plays Quiz not verified by Sporcle

Challenge
Share
Tweet
Embed
Score 0/273 Timer 20:00
0 Plays Today
Prefix/Suffix Translation % Correct
leuko-white
74.4%
cyan-blue
72.2%
gastr-stomach
72.2%
rhino-nose
72.2%
brady-slow
71.4%
mammo-breast
71.4%
carcin-cancer
70.7%
macro-large
69.2%
anti-opposition
68.4%
ovo-egg
68.4%
cervic-neck or cervix
67.7%
contraagainst
66.9%
encephal-brain
66.9%
melan-black
66.9%
cyto-cell
66.2%
dent-teeth
66.2%
-ectomysurgical removal
66.2%
pneumo-lungs
65.4%
-algiapain
64.7%
arthr-joint
64.7%
auto-self
64.7%
cost-ribs
64.7%
erythr-red
64.7%
gingiv-gums
64.7%
pseudo-false
64.7%
retrobackward
64.7%
ante-before
63.9%
cryo-cold
63.9%
splen(o)-spleen
63.9%
lact-milk
63.2%
odont-teeth
63.2%
tympano-eardrum
63.2%
aero-air
62.4%
cephal-head
62.4%
glosso/glotto-tongue
62.4%
kine-movement
62.4%
litho-stone
62.4%
-malaciasoftening
62.4%
-ped/pesfoot
62.4%
sclero-hardness
62.4%
bucc-cheek
61.7%
-emesisvomiting
61.7%
endo-inside
61.7%
gyn-woman
61.7%
hyster-uterus
61.7%
myo-muscle
61.7%
peri-around
61.7%
-plastysurgical repair
61.7%
procto-anus & rectum
61.7%
cholecyst-gallbladder
60.9%
lingu-tongue
60.9%
mast-breast
60.9%
oto-ear
60.9%
oro-mouth
60.2%
orchi-testis
60.2%
ortho-straight
60.2%
blephar-eyelid
59.4%
chloro-green
59.4%
eu-true, good
59.4%
-plegiaparalysis
59.4%
cutane-skin
58.6%
-dyniapain
57.9%
entero-intestine
57.9%
meso-middle
57.9%
ab-away
57.1%
ex-out
57.1%
lacrim-tear
57.1%
oophoro-ovary
57.1%
salping-fallopian tubes
57.1%
a(n)-without
56.4%
-aemiablood condition
56.4%
axill-armpit
56.4%
-centesissurgical puncture
56.4%
dorso-back
56.4%
histo-tissue
56.4%
-pod/pusfoot
56.4%
xantho-yellow
56.4%
andro-man
55.6%
-celehernia
55.6%
-dipsiathirst
55.6%
-pepsiadigestion or digestive tract
55.6%
pyo-pus
55.6%
aden-gland
54.9%
onco-tumour
54.9%
-tripsycrushing
54.9%
pachy-thick
54.1%
phono-sound
54.1%
-ptosisdrooping or falling
54.1%
angio-blood vessel
53.4%
ossi-bone
53.4%
ad-toward
52.6%
Prefix/Suffix Translation % Correct
labi-lip
52.6%
odyn-pain
52.6%
cyst-bladder
51.9%
ecto-outer or outside
51.9%
fibro-fiber
51.9%
ileo-ileum
51.9%
narco-numb or sleep
51.9%
onycho-nail (finger or toe)
51.9%
polio-grey
51.9%
-tomycutting
51.9%
carp-wrist
51.1%
olig-a few
51.1%
phallo-phallus (penis or clitoris)
51.1%
phlebo-veins
51.1%
presby-old age
51.1%
chondro-cartilage
50.4%
dia-through
50.4%
-rrheadischarge
50.4%
-crinesecrete
49.6%
ocul-eye
49.6%
-stasisstop
49.6%
aur-ear
48.1%
chrom-color
48.1%
eosin-red
47.4%
xero-dry
47.4%
capit-head
46.6%
dextr-right
45.9%
sinistro-left
45.9%
somat-body
45.9%
pro-before
45.1%
-trophynourishment
45.1%
-oma/omatatumour
44.4%
-rrhaphysuturing
44.4%
stoma(t)-mouth
44.4%
alb-white
42.9%
dactyl-finger or toe
42.9%
facio-face
42.9%
myelo-bone marrow
42.9%
steno-narrow
42.9%
colp-vagina
42.1%
myco-fungus
42.1%
myringo-eardrum
42.1%
pyro-fever
42.1%
irid-iris
41.4%
ventro-belly
41.4%
cata-down
40.6%
-ptysis'spitting'
40.6%
sarco-muscle or flesh
40.6%
uric-uric acid
40.6%
acous-hear
39.8%
chol-bile
39.8%
ec-out, away
39.8%
alge-pain
39.1%
brachi-arm
39.1%
-gnosisknowledge
38.3%
hidro-sweat
38.3%
-lepsis/lepsyseizure or attack
38.3%
spondyl-the spine or vertebrae
38.3%
epi-upon
37.6%
kerato/cerato-cornea (eye) or 'horny' (keratin) tissue
37.6%
-poiesisproduction
37.6%
-stomycreation of an opening
37.6%
cox-hip
36.8%
mammillo-nipple
36.8%
gnath-jaw
36.1%
schist/schiz-split
36.1%
karyo-nucleus
34.6%
galacto-milk
33.8%
cili-cilia or eyelash
33.1%
dys-bad
33.1%
-formshape
33.1%
glauco-grey
33.1%
palpebr-eyelid
33.1%
para-alongside or abnormal
33.1%
peo-penis
33.1%
pterygo-wing
33.1%
-rrhageburst
33.1%
-plasiadevelopment
32.3%
scolio-twisted
32.3%
fossadepression
31.6%
gono-semen
31.6%
manu-hand
31.6%
myxo-mucus
31.6%
proto-first
31.6%
-rrhexisrupture
31.6%
cypho/kypho-bent
30.8%
-desisbinding
30.8%
-iclesmall
30.8%
ankyl-crooked
30.1%
burs-bursa
30.1%
-paresisslight paralysis
30.1%
Prefix/Suffix Translation % Correct
phreni-the mind
30.1%
psor-itching
30.1%
varico-swollen vein
30.1%
pyelo-pelvis
29.3%
ano-anus
28.6%
omphalo-navel
27.8%
trich-hair
27.8%
lieno-spleen
27.2%
isch-restriction
27.1%
aesthesio-sensation
26.3%
articul-joint
26.3%
-tony/tono-pressure or tone (muscle)
26.3%
acro-extremity
25.6%
aniso-unequal
25.6%
ischio-ischium
25.6%
torti-twisted
25.6%
-astheniaweakness
24.8%
cornu-horn
24.8%
humer-shoulder
24.8%
leio-smooth
24.8%
parvo-small
24.8%
balano-glans penis or glans clitoris
24.1%
metro-uterine conditions
24.1%
phaco-lens
24.1%
tetan-rigid
24.1%
blast-germ or bud
23.3%
clastbreak
23.3%
omo-shoulder
23.3%
-peniadeficiency
23.3%
rhodo-rose-red
22.6%
chiro-hand
21.8%
front-forehead
21.8%
rachi-spine
21.8%
-staxisdripping
21.8%
filli-fine
21.1%
poro-pore
21.1%
-ectasis, -ectasiaexpansion
20.3%
reticul-net
20.3%
toco-childbirth
20.3%
amnio-amnion
19.5%
porphyr-purple
19.5%
thel(e)-nipple
19.5%
zymo-fermentation
19.5%
brachy-short
18.8%
dacryo-tear
18.8%
trachelo-neck
18.8%
acanth-spine
18%
cordi-heart
18%
ipsi-same
18%
koilo-hollow
18%
genu-knee
17.3%
sito-food
17.3%
thec-sheath
17.3%
per-through
16.5%
-plexystroke or seizure
16.5%
amph-,amphi-both sides
15%
arseno-male
15%
capill-hair
15%
papul-small skin elevation (pimple
15%
pleio-multiple
15%
rubro-red nucleus (of brain)
15%
splanchn-viscera
15%
ungui-nail
15%
allo-additional or different
14.3%
arch-first
14.3%
episi-pubic region
14.3%
mero-part
14.3%
rhabd-striated
14.3%
thym-emotion
14.3%
ambi-both sides
13.5%
dis-separation
13.5%
lapar-abdominal wall
13.5%
piri-pear
13.5%
sial-saliva
13.5%
top(o)-place or local
13.5%
meta-after
12.8%
pleur-ribs
12.8%
thely-feminine
12.8%
atel-imperfect
12%
ather-fatty deposit
12%
dif-apart
12%
papill-nipple
12%
aux-increase
11.3%
cor-pupil (of eye)
11.3%
-pexy(surgical) fixation
11.3%
-versionturn
11.3%
prosop-face
10.5%
apo-separation
9.8%
-ismusspasm
9.8%
melosextremity
9.8%
vesic(o)-bladder
9.8%

You're not logged in!

Compare scores with friends on all Sporcle quizzes.
Join for Free
OR
Log In

You Might Also Like...

Show Comments

Extras

Top Quizzes Today


Score Distribution

Your Account Isn't Verified!

In order to create a playlist on Sporcle, you need to verify the email address you used during registration. Go to your Sporcle Settings to finish the process.

Report this User

Report this user for behavior that violates our Community Guidelines.

Details: